Statistics for Detroit Pistons All-Time Roster

Click here to take the quiz!

General Stats

  • This quiz has been taken 208 times
  • The average score is 8 of 12

Answer Stats

PostPlayer% Correct
PGIsiah Thomas
100%
SGJoe Dumars
95%
PFBen Wallace
93%
BNBill Laimbeer
89%
BNChauncey Billups
87%
BNRichard Hamilton
79%
BNDennis Rodman
75%
SFGrant Hill
63%
BNTayshaun Prince
61%
CBob Lanier
49%
BNDave Bing
45%
BNGene Shue
4%

Score Distribution

Percentile by Number Answered

Percent of People with Each Score

Your Score History

You have not taken this quiz